Polskie mistrzynie olimpijskie - nagła śmierć - Statystyki

Ogólne statystyki
  • Ten quiz został rozwiązany 30 razy
  • Średni wynik to 7 z 10
Answers on the Grid
Answers color-coded by a green-red scale on the quiz's grid according to % correct below.
Halina Konopacka
Otylia Jędrzejczak
Justyna Kowalczyk
Elżbieta Duńska-Krzesińska
Renata Mauer-Różańska
Aleksandra Mirosław
Kamila Skolimowska
Irena Szewińska
Stanisława Walasiewicz
Anita Włodarczyk
Maja Włoszczowska
Iga Świątek
Agnieszka Radwańska
Anna Rogowska
Zofia Klepacka
Katarzyna Niewiadoma
Elwira Seroczyńska
Sylwia Gruchała
Monika Pyrek
Maria Andrejczyk
 
Statystyki odpowiedzi
Odpowiedź % Poprawnych
Justyna Kowalczyk
93%
Otylia Jędrzejczak
90%
Anita Włodarczyk
86%
Aleksandra Mirosław
79%
Irena Szewińska
79%
Kamila Skolimowska
76%
Renata Mauer-Różańska
66%
Halina Konopacka
59%
Elżbieta Duńska-Krzesińska
52%
Stanisława Walasiewicz
52%
Nie znaleziono quizów pasujących do podanych kryteriów
Rozkład punktacji
Procent ludzi z każdym wynikiem
Percentyl według liczby udzielonych odpowiedzi
Twoja historia wyników
Nie rozwiązałeś tego quizu